| 000 | 00934cas a2200229 a 4500 | ||
|---|---|---|---|
| 005 | 20191224042328.0 | ||
| 008 | 050804c19989999ck mr p r 0 0a0spa d | ||
| 040 |
_ahm _chm _dCO-BoIAVH |
||
| 041 | 0 | _aspa | |
| 044 | _ack | ||
| 090 | _aSE | ||
| 245 | 0 | 0 |
_aCarta ambiental / _cCorporación Autónoma Regional de Cundinamarca |
| 260 |
_aBogotá : _bCorporación Autónoma Regional de Cundinamarca, _c[1998?]- . |
||
| 300 |
_bilustraciones ; _c28 x 21 cm. |
||
| 650 | 2 | 6 |
_aMedio ambiente _zColombia _vPublicaciones periódicas |
| 650 | 2 | 6 |
_aControl ambiental _zColombia _vPublicaciones periódicas |
| 650 | 2 | 6 |
_aPolítica ambiental _zColombia _vPublicaciones periódicas |
| 650 | 2 | 6 |
_aProtección ambiental _zColombia _vPublicaciones periódicas |
| 651 |
_aBogotá (Colombia) _vPublicaciones periódicas |
||
| 710 | 2 | _aCorporación Autónoma Regional de Cundinamarca | |
| 942 |
_2z _cREVISTA |
||
| 999 |
_c19645 _d19645 |
||